Responses for Show #1970 - Friday, March 12, 1993

Contestants

[<< previous game]

Stella Kim, an assistant director originally from New Albany, Indiana

Tim Herndon, a financial representative from Princeton, New Jersey

Michael Kane, a business owner from Chicago, Illinois (whose 1-day cash winnings total $16,000)

[next game >>]

Jeopardy! Round responses

SCIENCE
DISNEY MOVIE MUSIC
WINES OF THE WORLD
ISLANDS
WEIGHTS & MEASURES
"PRO"s & "CON"s
    $100 14
genetics

Michael
    $100 11
Snow White

Stella
    $100 6
New York State

Michael
    $100 1
Crete

Stella
    $100 20
a drop

Tim
    $100 26
a constable

Michael
    $200 15
the brain

Stella
    $200 12
"When You Wish Upon A Star"

Stella
    $200 7
rosé

Michael
    $200 2
Manhattan

Stella
    $200 22
an inch

Stella
    $200 27
a profile

Stella
    $500 18
botulism

Stella
    $300 13
Dumbo

Tim
    $300 8
Bristol

Michael
    $300 3
(Tim: What is Indonesia?)

New Guinea

MichaelTim
    $300 23
a thousandth

Stella
    $300 28
probate

Stella
    $400 19
calculus

Michael
    $400 16
Pollyanna

Triple Stumper
    $400 9
Hungary

Michael
    $400 4
the Canary Islands

Stella
    $400 24
Mach 2

Tim
    $400 29
protocol

Stella
    $500 21
a catalyst

Stella
    $500 17
"Bibbidi-Bobbidi-Boo"

Triple Stumper
    $500 10
Portugal

Stella
    $500 5
(Michael: What is Prince Edward Island?)

Newfoundland

Michael
Triple Stumper
    $500 25
a quart

Tim
    $500 30
a concertina

Stella

Scores at the first commercial break (after clue 15):

Michael Tim Stella
$900 $0 $1,700

Scores at the end of the Jeopardy! Round:

Michael Tim Stella
$1,400 $1,000 $4,600

Double Jeopardy! Round responses

HISTORY
FAMOUS MOLLYS
ORGANIZATIONS
LAST SURVIVORS
LITERARY TRIVIA
LEFTOVERS
    $200 1
Charlemagne

Tim
    $200 11
Molly Ringwald

Stella
    $200 21
[Stella did not include "the" between "for" and "Prevention".]

the Society for the Prevention of Cruelty to Animals

Stella
    $200 23
the Constitution

Michael
    $200 6
youse

Michael
    $200 16
the Marines

Tim
    $400 2
Brazil

Stella
    $400 12
(Michael: What are the Molly Malones?)

Molly Maguires

Michael
Triple Stumper
    $400 22
Plymouth

Michael
    $400 25
Peary

Tim
    $400 7
The Sun Also Rises

Stella
    $400 17
the Capitol Building

Michael
    $600 3
(Stella: What is Mongolia?)

Tibet

MichaelStella
    $600 13
The Unsinkable Molly Brown

Stella
    $5,000 24
(Michael: Yeah, why don't we, uh, let's do $5 thou.]
[Audience reaction of surprise]
(Michael: It's only money.)
[Laughter]
(Alex: Easy come, easy go.)
...
(Michael: What is the... um, the Organization of the... [*]?)
(Alex: That's right--[**], when you figured out you weren't too sure what the "A-S" stood for you remembered the initials; you snuck 'em in.)

the OAS (the Organization of American States)

Michael
    $600 26
Geronimo

Michael
    $600 8
the Rue Morgue

Michael
    $600 18
Bird

Stella
    $800 4
Constantinople

Michael
    $800 14
Molly Pitcher

Tim
    $800 29
Toastmasters

Triple Stumper
    $800 27
(Michael: Who is, um... Goethals?)
(Stella: Who is Schweitzer?)

Walter Reed

MichaelStella
Triple Stumper
    $800 9
L. Ron Hubbard

Stella
    $800 19
(Tim: What is Georgia?)

Hawaii

Tim
Triple Stumper
    $1000 5
(Stella: Who is Hammarskjöld?)
...
(Alex: [*], the man who preceded him.)

Trygve Lie

MichaelStella
    $1000 15
Molly Bloom

Stella
    $1000 30
(Michael: What is the PTA?)

the NEA (the National Education Association)

Michael
Triple Stumper
    $1,500 28
(Alex: What happened to the $5,000?)
[Laughter]
(Michael: I made up some ground.)

the Light Brigade

Michael
    $1000 10
(Willa) Cather

Stella
    $1000 20
exotic

Stella

Scores at the end of the Double Jeopardy! Round:

Michael Tim Stella
$10,500 $1,800 $8,400

[wagering suggestions for these scores]

Final Jeopardy! Round responses

BUSINESS & INDUSTRY
(Alex: [To Tim] Hi Deb?)
(Tim: My wife.)
(Alex: The first part of that is correct and for the sake of your marriage the second part is also correct.)
[Laughter]
TimWhat is Texas Instruments? Hi Deb!
$1,700
StellaWhat is Texas Instruments?
$5,000
MichaelWhat Texas Instruments
$6,500
Texas instruments

Final scores:

Michael Tim Stella
$17,000 $3,500 $13,400
2-day champion: $33,000 3rd place: Jules Jurgensen man's watch + Wheel of Fortune & Jeopardy! for the Super Nintendo Entertainment System & Sega Genesis 2nd place: trip on Delta to St. Thomas & stay at the Frenchman's Reef

Game dynamics:

Coryat scores:

Michael Tim Stella
$5,600 $1,800 $8,200
19 R
(including 2 DDs),
4 W
8 R,
2 W
25 R
(including 1 DD),
3 W

Combined Coryat: $15,600

[game clues] [game scores] [suggest correction]

Game tape date: 1992-11-17
The J! Archive is created by fans, for fans. Scraping, republication, monetization, and malicious use prohibited; this site may use cookies and collect identifying information. See terms. The Jeopardy! game show and all elements thereof, including but not limited to copyright and trademark thereto, are the property of Jeopardy Productions, Inc. and are protected under law. This website is not affiliated with, sponsored by, or operated by Jeopardy Productions, Inc. Join the discussion at JBoard.tv.